Statistics for Highest Ranked Country Not In 2018 FIFA World Cup In Russia

Click here to take the quiz!

General Stats

  • This quiz has been taken 173 times
  • The average score is 10 of 15

Answer Stats

RankingAnswer% Correct
20(UEFA)NETHERLANDS
94%
15(UEFA)ITALY
93%
27(CONCACAF)USA
89%
9(COMNEBOL)CHILE
88%
30(UEFA)UKRAINE
79%
39(UEFA)AUSTRIA
78%
24(UEFA)SLOVAKIA
76%
33(UEFA)TURKEY
73%
36(CONMEBOL)PARAGUAY
72%
14(UEFA)WALES
70%
29(UEFA)SCOTLAND
68%
37(UEFA)BULGARIA
59%
23(UEFA)NORTHERN IRELAND
54%
35(CAF)DEMOCRATIC REPUBLIC OF THE CONGO
16%
26(UEFA)REPUBLIC OF IRELAND
11%

Score Distribution

Percentile by Number Answered

Percent of People with Each Score

Your Score History

You have not taken this quiz